| 000 | 00718nam a2200229Ia 4500 | ||
|---|---|---|---|
| 003 | GCL | ||
| 008 | 140319s9999 xx 000 0 ara d | ||
| 040 |
_aGCL / _cGCL |
||
| 082 | 0 | 4 |
_a797.2 _bع ا |
| 100 | 1 | _aعلى البيك | |
| 245 | 1 | 0 |
_aاتجاهات حديثة فى تعليم السباحة ( الزحف - الظهر ) / _cعلى البيك |
| 700 | 1 | _aعصام حلمى | |
| 260 |
_a[S.N] : _bمنشاة المعارف ، _c1994 |
||
| 300 | _a162 ص | ||
| 490 | _a | ||
| 650 | 0 | 4 | _aالالعاب الرياضية |
| 650 | 0 | 4 | _aالتربية البدنية |
| 650 | 0 | 4 | _aالسباحة |
| 650 | 0 | 4 | _aالرياضة المائية |
| 650 | 0 | 4 | _aالسباحة تحت الماء |
| 942 |
_2ddc _cBK |
||
| 999 |
_c33064 _d33064 |
||